Представление документа в формате RUSMARC

ПолеНазваниеЗначение
  Тип записи a
  Библиографический уровень m
001 Контрольный номер RU/ГПНТБ России/EK/88/Г75-788547633
005 Дата корректировки 20230517074800.1
010 Индекс ISBN __
a ISBN 978-5-907457-27-0
d Цена 1457-15
100 Данные общей обработки __
a Данные общей обработки 20230315d2022 |||y0rusy5089 ca
101 Язык документа 0_
a Язык текста rus
c Язык оригинала rus
102 Страна публикации __
a Страна публикации RU
105 Кодированные данные (монография) __
a Кодированные данные (монография) y z 000yy
181 Поле кодированных данных: вид содержания _0
a Код вида содержания (ISBD) i
182 Поле кодированных данных: тип средства _0
a Код типа средства (ISBD) n
200 Заглавие и сведения об ответственности 1_
a Заглавие Танцуйте свою жизнь
e Сведения, относящиеся к заглавию психологические эссе о том, как вернуть себе себя
f Первые сведения об ответственности Лиля Град
210 Выходные данные 1_
a Место издания Москва
c Издательство Никея
d Дата издания 2022
215 Физическое описание __
a Объем 257, [1] с.
320 Библиография __
a Библиография Об авторе: с. 258
330 Аннотация __
a Аннотация Профессиональный психолог помогает преодолеть разрушительные жизненные сценарии; объясняет важность и необходимость счастья и любви; делится сочувствием, юмором, нежностью, глубиной настоящей жизни, в которой не обязательно быть уникальным, а можно быть настоящей. Воспользовавшись советами можно посмотреть на себя по-новому.
333 Примечание о целевом назначении __
a Примечание о целевом назначении 12+
606 Тематические рубрики __
a Основная рубрика Психология
606 Тематические рубрики __
a Основная рубрика Психология личности
610 Ключевые слова 0_
a Ключевые слова самопознание (психология)
a Ключевые слова самосознание (психология)
a Ключевые слова психологические эссе
a Ключевые слова эссе
a Ключевые слова счастье (психология)
a Ключевые слова эмоции (психология)
a Ключевые слова эмоциональная усталость
a Ключевые слова смысл жизни (психология)
a Ключевые слова внутриличностные конфликты
686 Индексы других классификаций __
a Индекс ББК 88.3
700 Автор _1
a Фамилия Град
b Имя Л.
g Полное личное имя Лиля
4 Код отношения 070
801 Источник записи _0
b Организация ГПНТБ России
a Страна RU
c Дата составления 20230315
801 Источник записи _1
b Организация ГПНТБ России
a Страна RU
c Дата составления 20230315
801 Источник записи _2
a Страна RU
b Организация Центральная районная библиотека им. Г. А. Пирожникова
c Дата составления 20230425
g Правила каталогизации bzbo
852 Данные о местонахождении __
j Шифр хранения 88.3
i Авторский знак Г 753
901 Тип документа __
t Тип документа m
902 Роль лиц __
b Редактор БЗ ОКиО/Колмакова